Osnovy podochodnogo nalogoobloženija graždan v Singapure.

Daňový zákon v Singapúre ako stimulátor ekonomických a sociálnych procesov krajiny. Zásady výpočtu dane z príjmov. Sadzby dane z príjmov. Špecifiká singapúrskej daňovej sústavy. Daňové úľavy. Daň z prenájmu. Daň z privilégií.

Guardado en:
Detalles Bibliográficos
Autor principal: Mozgin, D.L
Formato: Capítulo de libro
Lenguaje:ruso
Materias:
Etiquetas: Agregar Etiqueta
Sin Etiquetas, Sea el primero en etiquetar este registro!

MARC

LEADER 00000naa a2200000 4500
001 r002852
005 20220819194433.3
041 0 |a rus 
044 |a [SU] 
245 1 0 |a Osnovy podochodnogo nalogoobloženija graždan v Singapure.  |c D.L. Mozgin 
520 |a Daňový zákon v Singapúre ako stimulátor ekonomických a sociálnych procesov krajiny. Zásady výpočtu dane z príjmov. Sadzby dane z príjmov. Špecifiká singapúrskej daňovej sústavy. Daňové úľavy. Daň z prenájmu. Daň z privilégií. 
610 2 0 |a sústava daňová 
610 2 0 |a dane z príjmov 
610 2 0 |a stimulovanie ekonomické 
610 2 0 |a sadzby daňové 
610 2 0 |a úľavy daňové 
610 2 0 |a Singapur 
100 1 |a Mozgin, D.L.